[Event "AUT-chT2M 0809"]
[Site "Austria"]
[Date "2009.03.28"]
[Round "10.3"]
[White "Kuba, Guenter"]
[Black "Eichert, Wolfgang"]
[Result "1-0"]
[WhiteElo "2397"]
[BlackElo "2135"]
[PlyCount "79"]
[EventDate "2008.10.11"]
[EventType "tourn"]
[EventRounds "11"]
[EventCountry "AUT"]
[SourceTitle "EXT 2010"]
[Source "ChessBase"]
[SourceDate "2010.11.25"]
[SourceVersion "1"]
[SourceVersionDate "2010.11.25"]
[SourceQuality "1"]
[WhiteTeam "Fuerstenfeld"]
[BlackTeam "Maria Saal"]
[WhiteTeamCountry "AUT"]
[BlackTeamCountry "AUT"]

1. e4 c5 2. Nf3 Nc6 3. Bb5 g6 4. Bxc6 dxc6 5. d3 Bg7 6. h3 Nf6 7. Nc3 0-0 8. Be3 b6 9. Qd2 Re8 10. 0-0 e5 11. a3 Qd6 12. b4 cxb4 13. axb4 Qxb4 14. Rfb1 Qe7 15. Rxb6 axb6 16. Rxa8 Qb7 17. Ra1 Bd7 18. Rb1 b5 19. Na4 Qc7 20. Nc5 Ra8 21. Qc3 Nh5 22. Nxd7 Qxd7 23. Nxe5 Qe8 24. d4 Bxe5 25. dxe5 Ra4 26. Qd3 Ng7 27. f4 g5 28. f5 Qxe5 29. Qd8+ Ne8 30. Qxg5+ Kh8 31. Qh6 Ng7 32. Rd1 Ra1 33. Bc1 Ra8 34. Qxc6 Re8 35. f6 Nh5 36. Bb2 Qb8 37. e5 h6 38. Qf3 Rxe5 39. Bxe5 Qxe5 40. Rd8+ 1-0

[Event "AUT-chT2M 0809"]
[Site "Austria"]
[Date "2009.03.27"]
[Round "9.3"]
[White "Jovanovic, Zoran"]
[Black "Eichert, Wolfgang"]
[Result "1-0"]
[WhiteElo "2558"]
[BlackElo "2135"]
[PlyCount "61"]
[EventDate "2008.10.11"]
[EventType "tourn"]
[EventRounds "11"]
[EventCountry "AUT"]
[SourceTitle "EXT 2010"]
[Source "ChessBase"]
[SourceDate "2010.11.25"]
[SourceVersion "1"]
[SourceVersionDate "2010.11.25"]
[SourceQuality "1"]
[WhiteTeam "Wolfsberg"]
[BlackTeam "Maria Saal"]
[WhiteTeamCountry "AUT"]
[BlackTeamCountry "AUT"]

1. e4 c5 2. Nc3 Nc6 3. f4 g6 4. Nf3 Bg7 5. Bb5 e6 6. Bxc6 bxc6 7. 0-0 Ne7 8. d3 0-0 9. Qe1 c4 10. d4 d5 11. e5 Rb8 12. Na4 Ba6 13. Rf2 Re8 14. b3 Nf5 15. Ba3 Bb5 16. Nc5 a5 17. Qc3 Ra8 18. g4 Nh4 19. Nb7 Nxf3+ 20. Qxf3 Qc7 21. Nd6 Red8 22. f5 cxb3 23. f6 Bf8 24. Qh3 Kh8 25. axb3 a4 26. c4 Ba6 27. bxa4 Bxc4 28. Nxc4 dxc4 29. Bxf8 Rxf8 30. Qh6 Rg8 31. Rf3 1-0

[Event "AUT-chT2M 0708"]
[Site "Austria"]
[Date "2008.04.05"]
[Round "10.5"]
[White "Eichert, Wolfgang"]
[Black "Fauland, Peter"]
[Result "1/2-1/2"]
[WhiteElo "2147"]
[BlackElo "2222"]
[PlyCount "191"]
[EventDate "2007.10.13"]
[EventType "team-tourn"]
[EventRounds "11"]
[EventCountry "AUT"]
[SourceTitle "EXT 2009"]
[Source "ChessBase"]
[SourceDate "2008.11.26"]
[SourceVersion "1"]
[SourceVersionDate "2008.11.26"]
[SourceQuality "1"]
[WhiteTeam "Maria Saal"]
[BlackTeam "Frauental"]
[WhiteTeamCountry "AUT"]
[BlackTeamCountry "AUT"]

1. e4 c5 2. c3 d5 3. exd5 Qxd5 4. d4 Nf6 5. Nf3 Nc6 6. Be3 cxd4 7. cxd4 e6 8. Nc3 Qd8 9. a3 Nd5 10. Bd3 Be7 11. 0-0 Bf6 12. Qe2 0-0 13. Rad1 g6 14. Bc4 Re8 15. Ne4 Bg7 16. Bg5 f6 17. Bh4 Nce7 18. Bb5 Rf8 19. Nc5 Nf4 20. Qe4 Ned5 21. Bc4 g5 22. Bg3 f5 23. Qc2 b6 24. Bxf4 Nxf4 25. Nd3 Nxd3 26. Rxd3 g4 27. Ne5 Qd6 28. Re1 Bb7 29. Qb3 Rae8 30. f4 gxf3 31. Nxf3 Be4 32. Rd2 Kh8 33. Ng5 Bh6 34. Qe3 Kg7 35. h4 Rf6 36. Qc3 Bxg5 37. hxg5 Rg6 38. Qe3 Rd8 39. Red1 Qc7 40. Be2 Qe7 41. Bc4 Bd5 42. Rc1 Rc8 43. Qe5+ Kf7 44. Rdc2 Qc7 45. Qxc7+ Rxc7 46. Bxd5 Rxc2 47. Rxc2 exd5 48. Rc7+ Ke6 49. Rxa7 Kd6 50. Rxh7 Rxg5 51. Rh6+ Kc7 52. Rf6 Rg4 53. Rxf5 Rxd4 54. b4 Kc6 55. Kf2 Rd2+ 56. Kg3 Kb5 57. Rf2 Rd3+ 58. Rf3 Kc4 59. Rxd3 Kxd3 60. a4 Kc4 61. a5 d4 62. axb6 d3 63. b7 d2 64. b8Q d1Q 65. Qf4+ Kb5 66. Qg4 Qe1+ 67. Kh2 Qf2 68. Kh3 Qf1 69. Kh4 Ka4 70. g3 Qh1+ 71. Kg5 Qd5+ 72. Qf5 Qg8+ 73. Qg6 Qd8+ 74. Kh5 Qh8+ 75. Kg4 Qc8+ 76. Kh4 Qh8+ 77. Qh5 Qd8+ 78. Kh3 Qd7+ 79. g4 Kxb4 80. Qf5 Qd1 81. Qe4+ Kc5 82. Kh4 Qd8+ 83. g5 Qh8+ 84. Kg4 Kd6 85. Qb4+ Ke6 86. Qb6+ Ke7 87. Qc7+ Ke6 88. Qc6+ Ke7 89. Qe4+ Kf7 90. g6+ Kg7 91. Qe5+ Kg8 92. Qe6+ Kg7 93. Qf7+ Kh6 94. Qf5 Qd4+ 95. Kf3 Qd1+ 96. Kf4 1/2-1/2

[Event "Graz op-A"]
[Site "Graz"]
[Date "2004.09.09"]
[Round "6"]
[White "Eichert, Wolfgang"]
[Black "Perhinig, Robert"]
[Result "0-1"]
[WhiteElo "2143"]
[BlackElo "2224"]
[PlyCount "108"]
[EventDate "2004.09.04"]
[EventType "swiss"]
[EventRounds "9"]
[EventCountry "AUT"]
[SourceTitle "EXT 2006"]
[Source "ChessBase"]
[SourceDate "2005.11.24"]
[SourceVersion "1"]
[SourceVersionDate "2005.11.24"]
[SourceQuality "1"]

1. e4 e6 2. d3 d5 3. Nd2 Nf6 4. Ngf3 Be7 5. g3 0-0 6. Bg2 c5 7. 0-0 Nc6 8. Re1 Qc7 9. e5 Nd7 10. Qe2 b5 11. h4 a5 12. Nf1 Nd4 13. Nxd4 cxd4 14. Nh2 Bb7 15. Nf3 Bc5 16. Bf4 Rfc8 17. Bh3 Ra6 18. g4 Ba7 19. Rac1 Rc6 20. Qd2 b4 21. Re2 Ba6 22. Bg3 Nc5 23. Ne1 Qb6 24. b3 Bb5 25. Kh2 Qa6 26. Rd1 Ne4 27. Qf4 Nc3 28. Rdd2 Qb7 29. h5 Qe7 30. Bg2 g5 31. hxg6 fxg6 32. Qh6 Qg7 33. Qxg7+ Kxg7 34. f4 Nxe2 35. Rxe2 Rxc2 36. Rxc2 Rxc2 37. Nxc2 Bxd3 38. Ne1 Bb1 39. f5 gxf5 40. gxf5 Bxf5 41. Bh3 Kg6 42. Nf3 Bxh3 43. Kxh3 Kf5 44. Kg2 h6 45. Nd2 Bb8 46. Bh4 Bc7 47. Kf3 Bb6 48. Bg3 Bd8 49. Ke2 Bc7 50. Bh4 Kg4 51. Bf6 h5 52. Kd3 Bb6 53. Be7 h4 54. Nf3 h3 0-1

[Event "Graz op-A"]
[Site "Graz"]
[Date "2004.09.08"]
[Round "5"]
[White "Eichert, Wolfgang"]
[Black "Titz, Heimo"]
[Result "1-0"]
[WhiteElo "2143"]
[BlackElo "2217"]
[PlyCount "53"]
[EventDate "2004.09.04"]
[EventType "swiss"]
[EventRounds "9"]
[EventCountry "AUT"]
[SourceTitle "EXT 2006"]
[Source "ChessBase"]
[SourceDate "2005.11.24"]
[SourceVersion "1"]
[SourceVersionDate "2005.11.24"]
[SourceQuality "1"]

1. e4 c5 2. Nf3 Nc6 3. c3 d5 4. exd5 Qxd5 5. d4 e6 6. Be3 cxd4 7. cxd4 Nf6 8. Nc3 Qd6 9. a3 Be7 10. Bd3 b6 11. 0-0 Bb7 12. Qe2 0-0 13. Rad1 Rfe8 14. Rfe1 Rad8 15. Bg5 Qb8 16. Bb1 g6 17. Ba2 Kg7 18. b4 Ng4 19. Bxe7 Nxe7 20. Ne5 Nf6 21. Nxf7 Kxf7 22. Qxe6+ Kg7 23. Qf7+ Kh6 24. Rxe7 Rxe7 25. Qxe7 Nd5 26. Nxd5 Bxd5 27. Rd3 1-0

[Event "Graz op-A"]
[Site "Graz"]
[Date "2004.09.07"]
[Round "4"]
[White "Dietmayer Kraeutler, Marco"]
[Black "Eichert, Wolfgang"]
[Result "1-0"]
[WhiteElo "2240"]
[BlackElo "2143"]
[PlyCount "79"]
[EventDate "2004.09.04"]
[EventType "swiss"]
[EventRounds "9"]
[EventCountry "AUT"]
[SourceTitle "EXT 2006"]
[Source "ChessBase"]
[SourceDate "2005.11.24"]
[SourceVersion "1"]
[SourceVersionDate "2005.11.24"]
[SourceQuality "1"]

1. d4 Nf6 2. Nf3 g6 3. Bf4 Bg7 4. Nbd2 c5 5. e3 0-0 6. c3 d6 7. Bd3 Nfd7 8. Qc2 Nc6 9. Bg5 Qe8 10. h4 cxd4 11. exd4 e5 12. dxe5 Ndxe5 13. 0-0 h6 14. Bf4 Be6 15. Rfe1 Rc8 16. a3 Qd8 17. Bg3 Qd7 18. Rad1 f5 19. Bf4 Qf7 20. Rc1 a6 21. Bf1 Rfd8 22. Qd1 Kh7 23. Be2 Bf6 24. Bg3 Qe7 25. Nd4 Nxd4 26. cxd4 Rxc1 27. Qxc1 Nf7 28. d5 Bd7 29. Bxa6 Ne5 30. Bxb7 Bxh4 31. Bxh4 Qxh4 32. Nf3 Nxf3+ 33. gxf3 f4 34. Re4 Qg5+ 35. Kh1 Qh4+ 36. Kg1 Qg5+ 37. Kh1 Qh5+ 38. Kg1 g5 39. Re7+ Kg8 40. Qc3 1-0

[Event "Graz op-A"]
[Site "Graz"]
[Date "2004.09.06"]
[Round "3"]
[White "Eichert, Wolfgang"]
[Black "Krebs, Johann"]
[Result "1-0"]
[WhiteElo "2143"]
[BlackElo "2223"]
[PlyCount "115"]
[EventDate "2004.09.04"]
[EventType "swiss"]
[EventRounds "9"]
[EventCountry "AUT"]
[SourceTitle "EXT 2006"]
[Source "ChessBase"]
[SourceDate "2005.11.24"]
[SourceVersion "1"]
[SourceVersionDate "2005.11.24"]
[SourceQuality "1"]

1. e4 c5 2. c3 Nf6 3. e5 Nd5 4. d4 cxd4 5. Nf3 Nc6 6. Bc4 Nb6 7. Bb3 d5 8. exd6 Qxd6 9. 0-0 Bf5 10. Na3 a6 11. cxd4 e6 12. Be3 Be7 13. Qe2 0-0 14. Rad1 Na5 15. Ne5 Nxb3 16. axb3 Nd5 17. f4 b5 18. g4 Bg6 19. Bc1 f6 20. Nxg6 hxg6 21. Rde1 Kf7 22. f5 exf5 23. gxf5 Rae8 24. fxg6+ Kxg6 25. Qg4+ Kf7 26. Qh5+ Kg8 27. Rf3 Nc7 28. Nc2 Bd8 29. Rxe8 Rxe8 30. Rh3 Qd5 31. Qh7+ Kf8 32. Rg3 Ne6 33. Bh6 Re7 34. Qh8+ Kf7 35. Bxg7 Nxd4 36. Qf8+ Ke6 37. Qxf6+ Kd7 38. Qxd4 Bb6 39. Qxb6 Qd1+ 40. Kg2 Qxc2+ 41. Kh3 Qf5+ 42. Rg4 Re6 43. Qd4+ Rd6 44. Qa7+ Ke8 45. Qa8+ Kd7 46. Qe4 Qf1+ 47. Rg2 Re6 48. Qg4 Ke7 49. Qg5+ Ke8 50. Qh5+ Kd7 51. Be5 Qd3+ 52. Bg3 Re7 53. Qg4+ Kc6 54. Rf2 Kb6 55. Rf6+ Ka5 56. b4+ Ka4 57. Rxa6+ Kb3 58. Ra3+ 1-0

[Event "AUT-chT2M 0203"]
[Site "Austria"]
[Date "2003.03.23"]
[Round "11"]
[White "Eichert, Wolfgang"]
[Black "Benda, Herbert"]
[Result "1/2-1/2"]
[WhiteElo "2197"]
[BlackElo "2251"]
[PlyCount "31"]
[EventDate "2002.10.11"]
[EventType "team-tourn"]
[EventRounds "11"]
[EventCountry "AUT"]
[SourceTitle "EXT 2004"]
[Source "ChessBase"]
[SourceDate "2003.11.25"]
[SourceVersion "1"]
[SourceVersionDate "2003.11.25"]
[SourceQuality "1"]

1. e4 c5 2. c3 Nf6 3. e5 Nd5 4. d4 cxd4 5. Nf3 e6 6. cxd4 Nc6 7. Bc4 Nb6 8. Bb3 d6 9. 0-0 dxe5 10. dxe5 Qxd1 11. Rxd1 Bd7 12. Nc3 Na5 13. Bc2 Rc8 14. Be4 Na4 15. Nxa4 Bxa4 16. b3 1/2-1/2

[Event "AUT-ch U18"]
[Site "Austria"]
[Date "2002.03.27"]
[Round "6.3"]
[White "Eichert, Wolfgang"]
[Black "Krenek, Markus"]
[Result "1/2-1/2"]
[WhiteElo "2171"]
[BlackElo "2104"]
[PlyCount "102"]
[EventDate "2002.03.24"]
[EventType "swiss"]
[EventRounds "7"]
[EventCountry "AUT"]
[SourceTitle "EXT 2003"]
[Source "ChessBase"]
[SourceDate "2002.11.25"]
[SourceVersion "1"]
[SourceVersionDate "2002.11.25"]
[SourceQuality "1"]

1. e4 e6 2. d3 d5 3. Nd2 Nf6 4. Ngf3 b6 5. g3 Bb7 6. Bg2 c5 7. e5 Nfd7 8. 0-0 Nc6 9. Re1 Qc7 10. Qe2 h6 11. c4 Nb4 12. Nf1 dxc4 13. dxc4 Be7 14. h4 Rd8 15. N1h2 Nb8 16. a3 Nd3 17. Rd1 Nxc1 18. Raxc1 0-0 19. g4 Rxd1+ 20. Rxd1 Rd8 21. g5 Rxd1+ 22. Qxd1 hxg5 23. hxg5 Bxf3 24. Nxf3 Qd7 25. Qc2 g6 26. Nh4 Bxg5 27. Nxg6 Qd2 28. Ne7+ Kg7 29. Qxd2 Bxd2 30. Nc8 Bf4 31. Nxa7 Bxe5 32. b3 Bb2 33. a4 Bc3 34. Nc8 Ba5 35. f4 f5 36. Kf2 Kf6 37. Ke3 Nd7 38. Bc6 Nf8 39. Nd6 e5 40. Ne8+ Ke6 41. Bd5+ Ke7 42. Ng7 Kf6 43. Nh5+ Kg6 44. Ng3 Kf6 45. fxe5+ Kxe5 46. Ne2 Ng6 47. Bf7 Ne7 48. Be8 Nc8 49. Nc1 Nd6 50. Nd3+ Kf6 51. Bc6 Kg5 1/2-1/2

[Event "Wch U18"]
[Site "Oropesa del Mar"]
[Date "2001.10.21"]
[Round "1"]
[White "Eichert, Wolfgang"]
[Black "Werle, Jan"]
[Result "0-1"]
[WhiteElo "2193"]
[BlackElo "2459"]
[PlyCount "28"]
[EventDate "2001.10.21"]
[EventType "swiss"]
[EventRounds "11"]
[EventCountry "ESP"]
[SourceTitle "EXT 2002"]
[Source "ChessBase"]
[SourceDate "2001.11.25"]
[SourceVersion "1"]
[SourceVersionDate "2001.11.25"]
[SourceQuality "1"]

1. e4 e6 2. d3 d5 3. Nd2 Nf6 4. Ngf3 b6 5. g3 dxe4 6. dxe4 Bb7 7. Qe2 Ba6 8. Nc4 Be7 9. Bg2 0-0 10. 0-0 Nc6 11. Rd1 Bxc4 12. Rxd8 Bxe2 13. Rxa8 Rxa8 14. e5 Rd8 0-1

[Event "Jacques Lemans op 20th"]
[Site "St Veit"]
[Date "2001.07.??"]
[Round "?"]
[White "Eichert, Wolfgang"]
[Black "Raffalt, Manfred"]
[Result "1-0"]
[WhiteElo "2171"]
[BlackElo "2171"]
[PlyCount "67"]
[EventDate "2001.07.07"]
[EventType "swiss"]
[EventRounds "9"]
[EventCountry "AUT"]
[SourceTitle "EXT 2004"]
[Source "ChessBase"]
[SourceDate "2003.11.25"]
[SourceVersion "1"]
[SourceVersionDate "2003.11.25"]
[SourceQuality "1"]

1. e4 e6 2. d3 d5 3. Nd2 c5 4. Ngf3 Nf6 5. g3 Be7 6. Bg2 Nc6 7. 0-0 0-0 8. e5 Nd7 9. Re1 b5 10. Nf1 a5 11. h4 Nd4 12. Nxd4 cxd4 13. Qg4 Kh8 14. Qxd4 Qc7 15. c3 b4 16. c4 f6 17. exf6 Bxf6 18. Qe3 Ra6 19. cxd5 exd5 20. Qe2 Nc5 21. Bf4 Qd8 22. Ne3 Re6 23. Qc2 Bd4 24. Nxd5 Rxe1+ 25. Rxe1 Ba6 26. Rd1 Bb7 27. Ne3 Bxg2 28. Nxg2 h6 29. Be3 Ne6 30. Qc4 Qd7 31. b3 Rc8 32. Qa6 Bc3 33. Nf4 Nxf4 34. Bxf4 1-0

[Event "AUT-chT2S 0001"]
[Site "Austria"]
[Date "2001.02.24"]
[Round "7"]
[White "Eichert, Wolfgang"]
[Black "Nickl, Klaus"]
[Result "1/2-1/2"]
[WhiteElo "2120"]
[BlackElo "2261"]
[PlyCount "46"]
[EventDate "2000.??.??"]
[EventType "team-tourn"]
[EventRounds "11"]
[EventCountry "AUT"]
[SourceTitle "EXT 2002"]
[Source "ChessBase"]
[SourceDate "2001.11.25"]
[SourceVersion "1"]
[SourceVersionDate "2001.11.25"]
[SourceQuality "1"]

1. e4 e5 2. Nf3 Nc6 3. Bc4 Nf6 4. d4 exd4 5. 0-0 Nxe4 6. Re1 d5 7. Bxd5 Qxd5 8. Nc3 Qh5 9. Nxe4 Be6 10. Bg5 Bd6 11. Nxd6+ cxd6 12. Bf4 0-0 13. Nxd4 Qxd1 14. Raxd1 Nxd4 15. Rxd4 Rfc8 16. c3 d5 17. f3 b5 18. Kf2 Rc4 19. Rxc4 dxc4 20. Rd1 f6 21. Rd6 Kf7 22. Ra6 Bc8 23. Rc6 Bd7 1/2-1/2

[Event "AUT-ch U16"]
[Site "Soechau"]
[Date "2000.04.18"]
[Round "4"]
[White "Pieler, Markus"]
[Black "Eichert, Wolfgang"]
[Result "0-1"]
[WhiteElo "2065"]
[BlackElo "2068"]
[PlyCount "63"]
[EventDate "2000.??.??"]
[EventType "swiss"]
[EventRounds "7"]
[EventCountry "AUT"]
[SourceTitle "EXT 2001"]
[Source "ChessBase"]
[SourceDate "2000.11.22"]
[SourceVersion "1"]
[SourceVersionDate "2000.11.22"]
[SourceQuality "1"]

1. e4 c5 2. Nf3 Nc6 3. d4 cxd4 4. Nxd4 Nf6 5. Nc3 e5 6. Ndb5 d6 7. Bg5 a6 8. Na3 b5 9. Nd5 Be7 10. Bxf6 Bxf6 11. c4 b4 12. Nc2 Rb8 13. b3 0-0 14. g3 Bg5 15. Bg2 f5 16. exf5 Bxf5 17. 0-0 Qd7 18. a3 bxa3 19. Rxa3 a5 20. Nde3 Bxe3 21. Nxe3 Be6 22. Bd5 Nd4 23. f4 Bxd5 24. Nxd5 Qa7 25. Kg2 Qc5 26. Qh5 g6 27. Qg5 Qxa3 28. f5 Qb2+ 29. Kh3 Qe2 30. Ne7+ Kg7 31. f6+ Kf7 32. Ra1 0-1

[Event "AUT-ch U16"]
[Site "Soechau"]
[Date "2000.04.17"]
[Round "3"]
[White "Eichert, Wolfgang"]
[Black "Vitouch, Anatol"]
[Result "1/2-1/2"]
[WhiteElo "2068"]
[BlackElo "2079"]
[PlyCount "81"]
[EventDate "2000.??.??"]
[EventType "swiss"]
[EventRounds "7"]
[EventCountry "AUT"]
[SourceTitle "EXT 2001"]
[Source "ChessBase"]
[SourceDate "2000.11.22"]
[SourceVersion "1"]
[SourceVersionDate "2000.11.22"]
[SourceQuality "1"]

1. e4 c6 2. Nc3 d5 3. Nf3 dxe4 4. Nxe4 Nd7 5. Bc4 Ngf6 6. Neg5 e6 7. Qe2 Nb6 8. Ne5 Nxc4 9. Qxc4 Qd5 10. Qxd5 exd5 11. Ngxf7 Rg8 12. Ng5 Bf5 13. d3 0-0-0 14. Ngf3 Bd6 15. 0-0 Rde8 16. Re1 h6 17. Bd2 Nd7 18. Nxd7 Kxd7 19. Bc3 c5 20. Rxe8 Kxe8 21. Re1+ Kd7 22. Be5 Be7 23. Kf1 g5 24. Nd2 Rg6 25. f3 h5 26. Kf2 a6 27. Nf1 Be6 28. d4 c4 29. Ne3 Rg8 30. Ke2 b5 31. g3 Bf8 32. Rf1 Bh6 33. Rf2 Kc6 34. f4 g4 35. Ng2 Bf5 36. c3 Rf8 37. Nh4 Be4 38. f5 Bg5 39. Ng6 Rxf5 40. Rxf5 Bxf5 41. Nf4 1/2-1/2

[Event "AUT-ch"]
[Site "Frohnleiten"]
[Date "2000.??.??"]
[Round "7.26"]
[White "Eichert, Wolfgang"]
[Black "Steiner, Bruno"]
[Result "0-1"]
[WhiteElo "2079"]
[BlackElo "2236"]
[PlyCount "134"]
[EventDate "2000.08.05"]
[EventType "swiss"]
[EventRounds "9"]
[EventCountry "AUT"]
[SourceTitle "CBM 077 Extra"]
[Source "ChessBase"]
[SourceDate "2000.09.14"]
[SourceVersion "1"]
[SourceVersionDate "2000.09.14"]
[SourceQuality "1"]

1. e4 e5 2. Nf3 Nc6 3. Bc4 Nf6 4. 0-0 Nxe4 5. Nc3 Nxc3 6. dxc3 Be7 7. Qd5 0-0 8. Nxe5 Nxe5 9. Qxe5 Bf6 10. Qh5 c6 11. Bf4 d5 12. Rad1 Qb6 13. Bd3 g6 14. Qf3 Qxb2 15. Bd6 Qxc3 16. Bxf8 Kxf8 17. Rb1 Kg7 18. Qe3 b5 19. Rb3 Qd4 20. Qxd4 Bxd4 21. Re1 Be6 22. a4 a5 23. c3 Bf6 24. axb5 a4 25. Ra3 Be7 26. Raa1 c5 27. b6 c4 28. Bc2 a3 29. b7 Rb8 30. Reb1 Bd7 31. Bd1 Bc5 32. Bf3 Bc6 33. Rd1 Rxb7 34. Bxd5 Bxd5 35. Rxd5 a2 36. h3 Rb1+ 37. Rd1 Rb2 38. Kh2 Bxf2 39. Rd7 Be3 40. Kg3 Rc2 41. Kf3 Bc1 42. Ke4 h5 43. Ra7 Rxc3 44. R1xa2 Re3+ 45. Kd4 c3 46. Rf2 Kh6 47. Rfxf7 Rg3 48. Rac7 Bd2 49. Rf3 Rxg2 50. Rfxc3 Bxc3+ 51. Rxc3 Kg5 52. Ke4 Kh4 53. Kf4 Rf2+ 54. Ke3 Rf6 55. Ke4 g5 56. Ke5 Rf2 57. Ra3 g4 58. hxg4 hxg4 59. Ke4 g3 60. Ra8 Kh3 61. Ke3 Kg2 62. Rg8 Rf7 63. Ke2 Kh2 64. Rh8+ Kg1 65. Rg8 g2 66. Rh8 Rf5 67. Rh7 Re5+ 0-1

[Event "AUT-ch"]
[Site "Frohnleiten"]
[Date "2000.??.??"]
[Round "4.24"]
[White "Kleissl, Helmut"]
[Black "Eichert, Wolfgang"]
[Result "1/2-1/2"]
[WhiteElo "2277"]
[BlackElo "2079"]
[PlyCount "125"]
[EventDate "2000.08.05"]
[EventType "swiss"]
[EventRounds "9"]
[EventCountry "AUT"]
[SourceTitle "CBM 077 Extra"]
[Source "ChessBase"]
[SourceDate "2000.09.14"]
[SourceVersion "1"]
[SourceVersionDate "2000.09.14"]
[SourceQuality "1"]

1. c4 Nf6 2. Nc3 g6 3. e4 d6 4. d4 Bg7 5. Bd3 0-0 6. Nge2 c6 7. 0-0 Nbd7 8. Rb1 a6 9. f3 b5 10. cxb5 axb5 11. a3 e5 12. Be3 Nb6 13. dxe5 dxe5 14. Qc2 Be6 15. Rfd1 Qb8 16. Nc1 Rd8 17. N3a2 Bc4 18. Nb4 Qb7 19. b3 Bxd3 20. Ncxd3 Rdc8 21. Nc5 Qe7 22. Ra1 Nbd7 23. Rd3 Nxc5 24. Bxc5 Qe8 25. Qd2 Bf8 26. Qc3 Nd7 27. Bxf8 Nxf8 28. a4 bxa4 29. bxa4 Nd7 30. a5 Nf6 31. a6 c5 32. Nd5 Nxd5 33. Rxd5 Qb5 34. a7 Qb7 35. Qxe5 Rxa7 36. Rad1 Qe7 37. Qc3 Rac7 38. h3 h5 39. Qc4 Qf6 40. Rd6 Qe7 41. Rxg6+ Kh7 42. Rgd6 Rg8 43. R1d5 Qh4 44. Qc1 f6 45. Rd7+ Rg7 46. Rxc7 Rxc7 47. Qb1 Kh6 48. e5 Qg5 49. Qe1 Rg7 50. Qd2 Qxd2 51. Rxd2 fxe5 52. Rd5 e4 53. fxe4 Re7 54. e5 c4 55. Kf2 c3 56. Rc5 c2 57. Rxc2 Rxe5 58. g3 Kg5 59. Rc4 Kf5 60. Kf3 Ra5 61. Rf4+ Kg5 62. Re4 Rb5 63. h4+ 1/2-1/2

[Event "Feffernitz Raika op 08th"]
[Site "Feffernitz"]
[Date "1999.08.21"]
[Round "8.8"]
[White "Muellneritsch, Anton"]
[Black "Eichert, Wolfgang"]
[Result "1-0"]
[WhiteElo "2184"]
[BlackElo "1941"]
[PlyCount "39"]
[EventDate "1999.08.??"]
[EventType "swiss"]
[EventRounds "9"]
[EventCountry "AUT"]
[SourceTitle "EXT 2004"]
[Source "ChessBase"]
[SourceDate "2003.11.25"]
[SourceVersion "1"]
[SourceVersionDate "2003.11.25"]
[SourceQuality "1"]

1. e4 c5 2. Nf3 Nc6 3. Bb5 Nf6 4. e5 Nd5 5. c3 e6 6. 0-0 Be7 7. d4 cxd4 8. cxd4 0-0 9. Nc3 Nxc3 10. bxc3 Qc7 11. Bd3 b6 12. Ng5 g6 13. Re1 h6 14. Nh7 Kxh7 15. Qh5 Rh8 16. Bxh6 d5 17. Re3 Ba6 18. Rf3 Ba3 19. Bg5+ Kg8 20. Qxh8+ 1-0

[Event "Feffernitz Raika op 08th"]
[Site "Feffernitz"]
[Date "1999.08.17"]
[Round "2.9"]
[White "Spirk, Stefan"]
[Black "Eichert, Wolfgang"]
[Result "0-1"]
[WhiteElo "2251"]
[BlackElo "1941"]
[PlyCount "110"]
[EventDate "1999.08.??"]
[EventType "swiss"]
[EventRounds "9"]
[EventCountry "AUT"]
[SourceTitle "EXT 2004"]
[Source "ChessBase"]
[SourceDate "2003.11.25"]
[SourceVersion "1"]
[SourceVersionDate "2003.11.25"]
[SourceQuality "1"]

1. c4 e6 2. Nf3 f5 3. g3 b6 4. Bg2 Bb7 5. 0-0 Nf6 6. d3 Be7 7. Nc3 0-0 8. e4 fxe4 9. Nd2 d5 10. dxe4 d4 11. Ncb1 e5 12. f4 Nbd7 13. a3 a5 14. Re1 Bc5 15. f5 Qe8 16. Bf3 g5 17. g4 h6 18. Nf1 Rf7 19. Ng3 Bf8 20. Nd2 Nc5 21. Nb3 Nfd7 22. Nxc5 Nxc5 23. b3 Rd7 24. Rb1 Qf7 25. b4 axb4 26. axb4 Na4 27. Qd3 Nc3 28. Rb3 b5 29. Rxc3 dxc3 30. Qxc3 Qxc4 31. Qxe5 Qd4+ 32. Qxd4 Rxd4 33. Bh1 Bxb4 34. Rf1 Rc4 35. Be3 Ra3 36. Bf2 Bc3 37. Bf3 Ra1 38. Bg2 Rxf1+ 39. Bxf1 Rb4 40. Bd3 Bd4 41. Bxd4 Rxd4 42. Bxb5 Bxe4 43. Be8 Bd5 44. Bh5 Rd2 45. f6 Bf7 46. Nf5 Bxh5 47. gxh5 Kf7 48. Nxh6+ Kxf6 49. h3 c5 50. Kf1 c4 51. Ng4+ Kg7 52. h6+ Kh7 53. Ke1 Rd8 54. Ne3 c3 55. Nc2 Kxh6 0-1

[Event "Graz op-B"]
[Site "Graz"]
[Date "1999.??.??"]
[Round "2"]
[White "Eichert, Wolfgang"]
[Black "Bauer, Stefan3"]
[Result "0-1"]
[WhiteElo "1940"]
[BlackElo "1840"]
[PlyCount "70"]
[EventDate "1999.09.17"]
[EventType "swiss"]
[EventRounds "9"]
[EventCountry "AUT"]
[SourceTitle "EXT 2001"]
[Source "ChessBase"]
[SourceDate "2000.11.22"]
[SourceVersion "1"]
[SourceVersionDate "2000.11.22"]
[SourceQuality "1"]

1. e4 c5 2. Nf3 e6 3. d4 cxd4 4. Nxd4 Nf6 5. Nc3 Bb4 6. e5 Nd5 7. Bd2 Nxc3 8. bxc3 Ba5 9. Qg4 g6 10. Qg3 a6 11. h4 h6 12. Rh3 Nc6 13. Nxc6 dxc6 14. Rd1 Qe7 15. f4 Bd7 16. h5 gxh5 17. Rxh5 0-0-0 18. c4 Bxd2+ 19. Rxd2 c5 20. Qh3 Bc6 21. Bd3 Qf8 22. Qh4 Rd4 23. g3 Be4 24. Kf2 Bg6 25. Ke3 Bxh5 26. Qxh5 Qg7 27. g4 Kb8 28. Rh2 Rdd8 29. Be4 f5 30. Bf3 fxg4 31. Qxg4 Qd7 32. Be4 Qd4+ 33. Kf3 Qd1+ 34. Re2 Rhg8 35. Qxe6 Qh1+ 0-1